Sustainable operations management /

Bibliographic Details
Other Authors: Walker, Helen, (Editor)
Format: eBook
Language:English
Published: [Bradford, England] : Emerald, 2014.
Series:International Journal of Operations & Production Management, Volume 34, Number 5
Subjects:
Online Access:Click to View
LEADER 02011nam a2200433 i 4500
001 EBC1752820
003 MiAaPQ
005 20200903223051.0
006 m o d |
007 cr cnu||||||||
008 140913t20142014enkad ob 000 0 eng d
020 |z 9781784411701 
020 |a 9781784411756  |q (electronic bk.) 
035 |a (MiAaPQ)EBC1752820 
035 |a (Au-PeEL)EBL1752820 
035 |a (CaPaEBR)ebr10900569 
035 |a (CaONFJC)MIL653469 
035 |a (OCoLC)885122600 
040 |a MiAaPQ  |b eng  |e rda  |e pn  |c MiAaPQ  |d MiAaPQ 
050 4 |a HC79.E5  |b .S878 2014 
082 0 |a 338.927  |2 23 
245 0 0 |a Sustainable operations management /  |c guest editors, Professor Helen Walker [and three others]. 
264 1 |a [Bradford, England] :  |b Emerald,  |c 2014. 
264 4 |c 2014 
300 |a 1 online resource (168 pages) :  |b illustrations, tables, graphs, charts. 
336 |a text  |2 rdacontent 
337 |a computer  |2 rdamedia 
338 |a online resource  |2 rdacarrier 
490 0 |a International Journal of Operations & Production Management,  |x 0144-3577 ;  |v Volume 34, Number 5 
500 |a "The official journal of the European Operations Management Association"--Cover. 
504 |a Includes bibliographical references at the end of each chapters. 
588 |a Description based on online resource; title from PDF cover (ebrary, viewed September 13, 2014). 
590 |a Electronic reproduction. Ann Arbor, MI : ProQuest, 2016. Available via World Wide Web. Access may be limited to ProQuest affiliated libraries. 
650 0 |a Sustainable development. 
655 4 |a Electronic books. 
700 1 |a Walker, Helen,  |e editor. 
776 0 8 |i Print version:  |t Sustainable operations management.  |d [Bradford, England] : Emerald, c2014   |h approximately 168 pages   |k International Journal of Operations & Production Management ; Volume 34, Number 5   |z 9781784411701 
797 2 |a ProQuest (Firm) 
856 4 0 |u https://ebookcentral.proquest.com/lib/matrademy/detail.action?docID=1752820  |z Click to View